000
00476nam a2200169Ia 4500
008
090711s9999 xx 000 0 und d
082
_b
52448
100
_a
गोळे गिरीश
245
_a
Sाुकलेली वाट
260
_c
1986
300
_a
250
600
_a
गोळे गिरीश
630
_a
Sाुकलेली वाट
700
_a
गोळे गिरीश
730
_a
Sाुकलेली वाट
942
_c
BOOK
999
_c
301908
_d
301908